|
|
|
|
| LEADER |
01148nam a2200325 a 4500 |
| 001 |
13049957 |
| 008 |
130117s2003 nyu b 000 0 eng d |
| 999 |
|
|
|c 13119
|d 13119
|
| 010 |
|
|
|a 2003041253
|
| 020 |
|
|
|a 9780812973013
|
| 020 |
|
|
|a 0812973011
|
| 020 |
|
|
|a 0375506160 (hc. : alk. paper)
|
| 040 |
|
|
|a DLC
|c DLC
|d DLC
|d BD-DhAAL
|
| 082 |
0 |
0 |
|a 610.92
|2 21
|
| 100 |
1 |
|
|a Kidder, Tracy.
|9 39271
|
| 245 |
1 |
0 |
|a Mountains beyond mountains /
|c Tracy Kidder.
|
| 250 |
|
|
|a 1st ed.
|
| 260 |
|
|
|a New York :
|b Random House,
|c c2003.
|
| 300 |
|
|
|a 317 p. ;
|c 25 cm.
|
| 504 |
|
|
|a Includes bibliographical references (p. [305]-317).
|
| 541 |
1 |
|
|e 00026528
|
| 600 |
1 |
0 |
|a Farmer, Paul,
|d 1959-
|9 39272
|
| 650 |
|
0 |
|a Physicians
|v Biography.
|9 39273
|
| 650 |
|
0 |
|a Missionaries, Medical
|v Biography.
|9 39274
|
| 650 |
|
0 |
|a Poor
|x Medical care.
|9 39275
|
| 650 |
|
0 |
|a Right to health.
|9 39276
|
| 650 |
|
0 |
|a Human rights.
|9 39277
|
| 852 |
1 |
|
|a Ayesha Abed library
|c General Shelf
|
| 942 |
|
|
|2 ddc
|c BK
|
| 952 |
|
|
|0 0
|1 0
|2 ddc
|4 0
|6 610_920000000000000_KID
|7 0
|9 21837
|a JPGSPH
|b JPGSPH
|c GEN
|d 2013-01-21
|e Trim Education
|g 1495.00
|l 0
|o 610.92 KID
|p 3060026528
|r 2013-01-21
|t 1
|w 2013-01-21
|y BK
|